00295nam a2200109Ia 4500008004100000020002200041082002100063100001700084245004800101260002500149300001100174210430s9999 xx 000 0 und d a978-0-7637-7752-4 a621.4022 R 232 E aM.M. Rathore aEngineering Heat Transfer 2ndcM.M. Rathore aAmericabJonesc2011 a1096 p